Agricultural research

Salvato in:
Dettagli Bibliografici
Natura: Periodico
Lingua:inglese
Pubblicazione: Washington U.S. Department of Agriculture
Tags: Aggiungi Tag
Nessun Tag, puoi essere il primo ad aggiungerne!!

MARC

LEADER 00000nas1a22000001 4500
001 s120072
005 20230330081241.1
041 0 |a eng 
044 |a US 
245 1 0 |a Agricultural research 
264 1 |a Washington  |b U.S. Department of Agriculture